000 01120cam a2200301 a 4500
999 _c23680
_d23680
001 15746567
003 NUST
005 20170530120110.0
008 090521s2010 njua b 001 0 eng
010 _a 2009020809
020 _a9780470539750 (cloth)
020 _a0470539755 (cloth)
035 _a(OCoLC)ocn349248343
040 _aDLC
_cRCMS
_dYDX
_dYDXCP
_dBWX
_dUUS
_dDLC
050 0 0 _aTL570
_b.P46 2010
082 0 0 _a629.132/3 PHI
_222
100 1 _aPhillips, Warren F.
_91577
245 1 0 _aMechanics of flight /
_cWarren F. Phillips.
250 _a2nd ed.
260 _aHoboken, N.J. :
_bJ. Wiley,
_cc2010.
300 _axiii, 1138 p. :
_bill. ;
_c25 cm.
504 _aIncludes bibliographical references and index.
538 _iShelf No 1 Row No 2
650 0 _a1.Aerodynamics.2. Flight 3. Flight control
_91578
650 0 _aFlight.
_91579
650 0 _aFlight control.
_91580
856 _3Table of Content Only
906 _a7
_bcbc
_corignew
_d1
_eecip
_f20
_gy-gencatlg
942 _2ddc
_cBK